| Tag |
First Indicator |
Second Indicator |
Subfields |
| LEADER |
00000cam a2200000 a 4500 |
| 001 |
in00002000810 |
| 005 |
20151031123725.0 |
| 008 |
040709s2004 gw a b 000 0 eng c |
| 016 |
7 |
|
|a 970931093
|2 GyFmDB
|
| 020 |
|
|
|a 3540214844 (hd.bd.)
|
| 035 |
|
|
|a (OCoLC)ocm55888096
|
| 040 |
|
|
|a YUS
|c YUS
|d OHX
|d CGU
|d TXA
|d UtOrBLW
|
| 042 |
|
|
|a pcc
|
| 049 |
|
|
|a TXAM
|
| 050 |
|
4 |
|a TA1775
|b .S49 2004
|
| 072 |
|
7 |
|a TA
|2 lcco
|
| 100 |
1 |
|
|a Shvyd'ko, Yuri.
|
| 245 |
1 |
0 |
|a X-ray optics :
|b high-energy-resolution applications /
|c Yuri Shvyd'ko.
|
| 264 |
|
1 |
|a Berlin ;
|a New York :
|b Springer,
|c 2004.
|
| 300 |
|
|
|a xiv, 404 pages :
|b illustrations ;
|c 25 cm.
|
| 336 |
|
|
|a text
|b txt
|2 rdacontent
|
| 337 |
|
|
|a unmediated
|b n
|2 rdamedia
|
| 338 |
|
|
|a volume
|b nc
|2 rdacarrier
|
| 490 |
1 |
|
|a Springer series in optical sciences ;
|v 98
|
| 650 |
|
0 |
|a X-ray optics.
|
| 830 |
|
0 |
|a Springer series in optical sciences ;
|v 98.
|
| 938 |
|
|
|a Otto Harrassowitz
|b HARR
|n har040055577
|c 139.05 EUR
|
| 948 |
|
|
|a cataloged
|b h
|c 2004/10/18
|d c
|e eneff
|f 12:43:53 pm
|
| 994 |
|
|
|a E0
|b TXA
|
| 999 |
|
|
|a MARS
|
| 999 |
f |
f |
|s 11b68c93-0e2e-3759-82d1-a92158e64a7b
|i c59e44c3-da81-3593-809f-dfe7c849c942
|t 0
|
| 952 |
f |
f |
|p normal
|a Texas A&M University
|b College Station
|c Sterling C. Evans Library
|d Evans: Library Stacks
|t 0
|e TA1775 .S49 2004
|h Library of Congress classification
|i unmediated -- volume
|m A14832223982
|
| 998 |
f |
f |
|a TA1775 .S49 2004
|t 0
|l Evans: Library Stacks
|